| 000 | 00449nam a2200181Ia 4500 | ||
|---|---|---|---|
| 005 | 20240823035057.0 | ||
| 008 | 240823s9999||||xx |||||||||||||| ||und|| | ||
| 041 | _aENGLISH | ||
| 082 | _A610.28 N2 | ||
| 100 | _aArumugam M | ||
| 245 | 0 | _aBiomedical Instrumentation | |
| 250 | _a1st | ||
| 260 |
_c1992 _b"Anuradha,Kumbakonam" |
||
| 500 | _aTRANSFERED | ||
| 650 |
_aBiomedical Instrumentation _bInstrumentation |
||
| 942 | _cBK | ||
| 999 |
_c199822 _d199822 |
||